Evaluación de la producción potencial de erosión en la microcuenca media-alta del Río Santa Rosa, Tilarán, Guanacaste
محفوظ في:
| المؤلف الرئيسي: | |
|---|---|
| مؤلفون آخرون: | |
| التنسيق: | كتاب |
| منشور في: |
[San José, Costa Rica]
2010
|
| الموضوعات: | |
| الوسوم: |
إضافة وسم
لا توجد وسوم, كن أول من يضع وسما على هذه التسجيلة!
|
MARC
| LEADER | 00000nam a2200000Ia 4500 | ||
|---|---|---|---|
| 003 | 010511 | ||
| 005 | 20230907114211.0 | ||
| 008 | 140114s2010 cr a 000 ||s d | ||
| 040 | |c cru CEDI | ||
| 090 | |a TFG 6167 | ||
| 100 | |a Aguilar Álvarez, Ronald Esteban, 1984- |9 1426 | ||
| 245 | |a Evaluación de la producción potencial de erosión en la microcuenca media-alta del Río Santa Rosa, Tilarán, Guanacaste | ||
| 260 | |a [San José, Costa Rica] |c 2010 | ||
| 300 | |a xv, 155, [21] hojas : ilustraciones a color. | ||
| 500 | |a Tesis (licenciatura en ingeniería agrícola)--Universidad de Costa Rica. Facultad de Ingeniería. Escuela de Ingeniería Agrícola | ||
| 501 | |a Director de Tesis de Graduación: Ing. José Francisco Aguilar Pereira. M.Sc. | ||
| 650 | |x EROSION DE SUELOS |x RIO SANTA ROSA (GUANACASTE, COSTA RICA) |9 3064 | ||
| 700 | |9 1416 |a Aguilar Pereira, José Francisco, 1967- |d Director del TFG | ||
| 942 | |c CEDI | ||
| 999 | |c 16048 |d 16048 | ||
